000
00261nam a2200085Ia 4500
245
0
_a
Life coach : become the person you've always wanted to be
100
_a
Richardson, Pam London, 2009
_9
66892
942
_c
BK
008
210817s9999 xx 000 0 und d
999
_c
258701
_d
258700